| 000 | 00340nam a22001457a 4500 | ||
|---|---|---|---|
| 003 | SGT | ||
| 020 | _a978-81-19613-64-9 | ||
| 082 |
_a615.10 _bDAS |
||
| 100 | _aDAS, DR. SUDIPTA | ||
| 245 | _aTEXTBOOK OF INDUSTRIAL PHARMACY -I | ||
| 260 |
_aINDIA _bIP PUB. _c2024 |
||
| 300 | _a196 | ||
| 650 | _aINDUSTRIAL PHARMACY -I | ||
| 942 |
_2ddc _cBK |
||
| 999 |
_c34190 _d34190 |
||